| 000 | 00350nam a2200145Ia 4500 | ||
|---|---|---|---|
| 005 | 20251222154402.0 | ||
| 008 | 251222s9999||||xx |||||||||||||| ||spa|| | ||
| 020 | _a9788493760137 | ||
| 082 | _a823.912/G43 | ||
| 100 | _aGibbons, Stella | ||
| 245 | 0 | _aLa Hija de Robert Poste | |
| 250 | _a1ra. ed. | ||
| 264 | _bEditorial Impedimenta | ||
| 942 | _cLIB | ||
| 999 |
_c35315 _d35315 |
||